000 00722nam a2200241Ia 4500
003 OSt
005 20221005040916.0
006 a|||||r|||| 00| 0
007 ta
008 221004b |||||||| |||| 00| 0 eng d
024 _a48230
037 _cTextual
040 _aCRL
_cCRL
_beng
041 _2eng
_aeng
082 _aQ224:4198, M9
100 _aVeer Peter Van Der Au.
_9589417
245 0 _aGods on Earth
_b The management of religious experience and identify in a North Indian pilgrims centre Delhi
260 _aDelhi
_bOxford University
_c1989
300 _a310p.
_ccm.
650 _aRELIGION
942 _hQ224:4198, M9
_cTEXL
_2cc
999 _c947673
_d947673